000 01143nam a2200277Ia 4500
003 OSt
005 20221005111533.0
006 a|||||r|||| 00| 0
007 ta
008 221004b |||||||| |||| 00| 0 mar d
020 _c75
024 _a93362
037 _b531, 19/03/2009, Vani Prakashan
_cTextual
040 _aCRL
_cCRL
_bmar
041 _2mar
_amar
082 _aO155,1M73w, 152M8
100 _aवष्ठ, जयंत
245 0 _aभास्कर रामचन्द्र तांबे, अरूणा नारलीकर अनु0
246 _aBhāskar rāmachandra tāanbe, arūṇā nāralīkar anu
260 _aनई दिल्ली
_bसाहित्य अकादेमी भारत
_c1986
300 _a95पृ0
_ccm.
490 _aभारतीय साहित्य के निर्माता
700 _a नारलीकर, अरूणा, अनु.
942 _hO155,1M73w, 152M8
_cTEXL
_2cc
999 _c1022121
_d1022121